| 000 | 00345nam a2200133Ia 4500 | ||
|---|---|---|---|
| 008 | 191201s2010 xx 000 0 und d | ||
| 082 |
_a004.22 _bGID |
||
| 100 | _aGill, Nasib Singh | ||
| 245 | 0 | _aDigital Design and computer organisation | |
| 250 | _aRep | ||
| 260 |
_c2010 _bLaxmi Publications _aNEW DELHI |
||
| 300 | _a394 | ||
| 942 |
_2ddc _cBK _023 |
||
| 999 |
_c7818 _d7818 |
||